[Event "Voronezh op-B 18th"]
[Site "Voronezh"]
[Date "2014.06.16"]
[Round "5"]
[White "Kiselev, Maxim"]
[Black "Polyansky, Viktor"]
[Result "1-0"]
[WhiteElo "2154"]
[BlackElo "1972"]
[PlyCount "55"]
[EventDate "2014.06.12"]
[EventType "swiss"]
[EventRounds "9"]
[EventCountry "RUS"]
[SourceTitle "EXT 2015"]
[Source "ChessBase"]
[SourceDate "2014.11.20"]
[SourceVersion "1"]
[SourceVersionDate "2014.11.20"]
[SourceQuality "1"]

1. d4 Nf6 2. c4 g6 3. Nc3 d5 4. cxd5 Nxd5 5. Bd2 Bg7 6. e4 Nxc3 7. Bxc3 0-0 8. Nf3 Bg4 9. Be2 Nc6 10. d5 Bxf3 11. Bxf3 Ne5 12. Be2 c6 13. 0-0 Qb6 14. Qd2 a5 15. Rad1 Rfd8 16. Qg5 f6 17. Qh4 Nf7 18. Rfe1 Nd6 19. Bg4 Rf8 20. Be6+ Nf7 21. Rd3 Kh8 22. Kh1 Ng5 23. f4 Qb5 24. Rde3 Nxe6 25. Rh3 h6 26. dxe6 g5 27. fxg5 Qxg5 28. Qxg5 1-0

[Event "Voronezh op-B 18th"]
[Site "Voronezh"]
[Date "2014.06.14"]
[Round "3"]
[White "Kiselev, Maxim"]
[Black "Voischeva, Zinaida"]
[Result "1-0"]
[WhiteElo "2154"]
[BlackElo "1919"]
[PlyCount "87"]
[EventDate "2014.06.12"]
[EventType "swiss"]
[EventRounds "9"]
[EventCountry "RUS"]
[SourceTitle "EXT 2015"]
[Source "ChessBase"]
[SourceDate "2014.11.20"]
[SourceVersion "1"]
[SourceVersionDate "2014.11.20"]
[SourceQuality "1"]

1. d4 Nf6 2. c4 e6 3. g3 c5 4. d5 exd5 5. cxd5 d6 6. Nc3 g6 7. Nf3 Bg7 8. Bg2 0-0 9. 0-0 Re8 10. Nd2 b6 11. Nc4 Ba6 12. Qb3 Qe7 13. Bf4 Bxc4 14. Qxc4 Nh5 15. Be3 Nd7 16. a4 Ne5 17. Qa6 f5 18. Bd2 Rf8 19. e3 Nf6 20. a5 Nfd7 21. Rfb1 Rfb8 22. Qe2 a6 23. axb6 Rxb6 24. e4 Qf7 25. h3 Nf8 26. exf5 Qxf5 27. Ne4 h6 28. Bc3 Nf7 29. g4 Qc8 30. Rf1 g5 31. f4 Ng6 32. Bxg7 Kxg7 33. fxg5 Nxg5 34. Nf6 Ra7 35. Nh5+ Kh7 36. Rf6 Qg8 37. Raf1 Rab7 38. Qc2 Re7 39. Rf8 Nf3+ 40. R8xf3 Qb8 41. Rf6 Qe8 42. Nf4 Rg7 43. Nxg6 Qe3+ 44. Kh1 1-0

[Event "Voronezh Region-ch"]
[Site "Voronezh"]
[Date "2013.12.10"]
[Round "7"]
[White "Rodin, Dmitrij"]
[Black "Kiselev, Maxim"]
[Result "1/2-1/2"]
[WhiteElo "2355"]
[BlackElo "2133"]
[PlyCount "74"]
[EventDate "2013.12.03"]
[EventType "swiss"]
[EventRounds "9"]
[EventCountry "RUS"]
[SourceTitle "CBM 158 Extra"]
[Source "ChessBase"]
[SourceDate "2014.02.28"]
[SourceVersion "1"]
[SourceVersionDate "2014.02.28"]
[SourceQuality "1"]

1. e4 e5 2. Nf3 Nc6 3. Bb5 g6 4. c3 Bg7 5. d4 exd4 6. cxd4 a6 7. Bc4 d6 8. Nc3 Nge7 9. 0-0 0-0 10. Bb3 Na5 11. Bc2 h6 12. Re1 c5 13. dxc5 dxc5 14. Qe2 b5 15. h3 Bb7 16. Bf4 Qb6 17. Rad1 Rad8 18. e5 Nd5 19. Nxd5 Bxd5 20. Be4 Qe6 21. a4 bxa4 22. Bxd5 Rxd5 23. Rxd5 Qxd5 24. Qxa6 Ra8 25. Qe2 Nb3 26. Be3 c4 27. Bf4 Nc5 28. Rd1 Nd3 29. Bg3 Rd8 30. Kh2 Kh7 31. Rd2 Qb5 32. Rc2 Re8 33. h4 Nxe5 34. Nxe5 Bxe5 35. Qxc4 Qxc4 36. Rxc4 Bxb2 37. Rxa4 Be5 1/2-1/2

[Event "Voronezh-ch"]
[Site "Voronezh"]
[Date "2013.10.23"]
[Round "5"]
[White "Kiselev, Maxim"]
[Black "Klimentov, Evgeny"]
[Result "0-1"]
[WhiteElo "2172"]
[BlackElo "1988"]
[PlyCount "78"]
[EventDate "2013.10.18"]
[EventType "swiss"]
[EventRounds "9"]
[EventCountry "RUS"]
[SourceTitle "EXT 2014"]
[Source "ChessBase"]
[SourceDate "2013.11.20"]
[SourceVersion "1"]
[SourceVersionDate "2013.11.20"]
[SourceQuality "1"]

1. d4 Nf6 2. c4 g6 3. Nc3 Bg7 4. g3 d6 5. Bg2 0-0 6. Nf3 c5 7. d5 Na6 8. 0-0 Nc7 9. Nd2 a6 10. a4 b6 11. Qc2 Rb8 12. e4 b5 13. axb5 axb5 14. cxb5 Nxb5 15. Nxb5 Rxb5 16. Nc4 Nd7 17. Bg5 Nb6 18. Ra7 Re8 19. b3 h6 20. Bd2 Nxc4 21. bxc4 Rb2 22. Qc1 Qb6 23. Ra8 Kh7 24. Bc3 Bxc3 25. Qxc3 Bd7 26. Rxe8 Bxe8 27. e5 Qb4 28. Qe3 Qxc4 29. exd6 Re2 30. Qf3 exd6 31. Qf6 Qa6 32. Rb1 Qd3 33. Rf1 c4 34. Qxd6 c3 35. Qa3 Qd2 36. Qc5 c2 37. Qc8 Re1 38. d6 c1Q 39. d7 Qxf2+ 0-1

[Event "Voronezh-ch"]
[Site "Voronezh"]
[Date "2013.10.22"]
[Round "4"]
[White "Zhileykin, Andrey"]
[Black "Kiselev, Maxim"]
[Result "1/2-1/2"]
[WhiteElo "1981"]
[BlackElo "2172"]
[PlyCount "124"]
[EventDate "2013.10.18"]
[EventType "swiss"]
[EventRounds "9"]
[EventCountry "RUS"]
[SourceTitle "EXT 2014"]
[Source "ChessBase"]
[SourceDate "2013.11.20"]
[SourceVersion "1"]
[SourceVersionDate "2013.11.20"]
[SourceQuality "1"]

1. e4 d6 2. d4 g6 3. Nc3 Bg7 4. g3 e5 5. dxe5 Bxe5 6. Bg2 Nc6 7. Nge2 Bg7 8. 0-0 Nge7 9. Bg5 h6 10. Be3 0-0 11. Qd2 Kh7 12. Nd5 Ne5 13. Bd4 N7c6 14. Bc3 Nc4 15. Qe1 Nb6 16. Bxg7 Kxg7 17. Qc3+ f6 18. Nef4 Bd7 19. Rfe1 Rc8 20. Ne3 Ne5 21. b3 Qe7 22. a4 c6 23. Rad1 Rc7 24. Nfd5 Nxd5 25. Nxd5 Qd8 26. Nxc7 Qxc7 27. Qd2 Nf7 28. Qf4 Bc8 29. Qe3 b6 30. a5 b5 31. Qd2 Bg4 32. Rc1 c5 33. f3 Be6 34. f4 Bg4 35. h3 Bc8 36. b4 c4 37. Qd4 h5 38. Rcd1 Re8 39. Qd5 Bd7 40. e5 fxe5 41. fxe5 Nxe5 42. Qxd6 Qxd6 43. Rxd6 Nf3+ 44. Bxf3 Rxe1+ 45. Kf2 Re7 46. g4 hxg4 47. Bxg4 Be8 48. Re6 Rxe6 49. Bxe6 Kf6 50. Bc8 Ke5 51. Ke3 g5 52. c3 Bc6 53. Bg4 Be8 54. Kf3 Bc6+ 55. Kg3 Be8 56. Bf3 Bd7 57. Bb7 Kd6 58. h4 gxh4+ 59. Kxh4 Ke5 60. Kg3 Be8 61. Kf3 Bd7 62. Ke3 Be8 1/2-1/2

[Event "Voronezh Interma Cup"]
[Site "Voronezh"]
[Date "2010.06.07"]
[Round "11"]
[White "Kiselev, Maxim"]
[Black "Safonov, Artyom"]
[Result "1/2-1/2"]
[WhiteElo "2160"]
[BlackElo "1966"]
[PlyCount "91"]
[EventDate "2010.05.25"]
[EventType "tourn"]
[EventRounds "11"]
[EventCountry "RUS"]
[SourceTitle "EXT 2022"]
[Source "ChessBase"]
[SourceDate "2021.10.06"]
[SourceVersion "1"]
[SourceVersionDate "2021.10.06"]
[SourceQuality "1"]

1. d4 d5 2. Nf3 Nf6 3. c4 e6 4. Nc3 Be7 5. g3 0-0 6. Bg2 b6 7. 0-0 Bb7 8. cxd5 exd5 9. Bf4 Nbd7 10. Qc2 c6 11. Rad1 Re8 12. h3 b5 13. Ne5 Nxe5 14. dxe5 Nh5 15. Be3 Bg5 16. Bd4 f6 17. exf6 Bxf6 18. Bc5 Qc7 19. e3 Be7 20. Bd4 Bd6 21. Ne2 Qf7 22. g4 Nf6 23. Ng3 Nd7 24. Nf5 Be5 25. b3 Qe6 26. Bxe5 Nxe5 27. f4 Nf7 28. Rde1 Nd6 29. Nd4 Qf6 30. Nxc6 Rac8 31. Bxd5+ Kh8 32. Qg2 Ne4 33. Bxe4 Bxc6 34. Bxc6 Rxc6 35. e4 Rec8 36. e5 Qd8 37. Rd1 Qb6+ 38. Qf2 Qa5 39. Rd2 Rc3 40. f5 Rxh3 41. f6 Rg3+ 42. Kh2 Rxg4 43. f7 Rf8 44. Rd5 Qb4 45. Rd3 Qe4 46. Rh3 1/2-1/2

[Event "Voronezh Interma Cup"]
[Site "Voronezh"]
[Date "2010.05.27"]
[Round "9"]
[White "Kiselev, Maxim"]
[Black "Popov, Kirill"]
[Result "1-0"]
[WhiteElo "2160"]
[BlackElo "1871"]
[PlyCount "91"]
[EventDate "2010.05.25"]
[EventType "tourn"]
[EventRounds "11"]
[EventCountry "RUS"]
[SourceTitle "EXT 2022"]
[Source "ChessBase"]
[SourceDate "2021.10.06"]
[SourceVersion "1"]
[SourceVersionDate "2021.10.06"]
[SourceQuality "1"]

1. d4 Nf6 2. Nf3 g6 3. Bf4 Bg7 4. h3 0-0 5. e3 d6 6. Bc4 Nbd7 7. 0-0 Qe8 8. Nc3 e5 9. dxe5 dxe5 10. Bh2 Qe7 11. e4 c6 12. Qe2 Nh5 13. Rad1 Nb6 14. Bb3 a5 15. Qe3 Nd7 16. Bc4 Nc5 17. Rfe1 b5 18. Bf1 b4 19. Nb1 Nf4 20. Qd2 Nce6 21. Qd6 Qxd6 22. Rxd6 Bb7 23. Nbd2 Rfd8 24. Rxd8+ Nxd8 25. Nc4 f6 26. Rd1 Nfe6 27. Nb6 Rb8 28. Bc4 Ba6 29. Bxa6 Rxb6 30. Bc4 Kf8 31. Rd7 Rb8 32. Ra7 Nc5 33. Nxe5 Rb7 34. Nxg6+ hxg6 35. Bd6+ Ke8 36. Bxc5 Rxa7 37. Bxa7 a4 38. Bc5 Bf8 39. Bxf8 Kxf8 40. f3 Ke7 41. Kf2 Nb7 42. b3 a3 43. Ke3 Kd6 44. Kd4 Nd8 45. Kd3 c5 46. Bd5 1-0

[Event "Voronezh Interma Cup"]
[Site "Voronezh"]
[Date "2010.05.25"]
[Round "1"]
[White "Shabunin, Danil"]
[Black "Kiselev, Maxim"]
[Result "1/2-1/2"]
[WhiteElo "1736"]
[BlackElo "2160"]
[PlyCount "138"]
[EventDate "2010.05.25"]
[EventType "tourn"]
[EventRounds "11"]
[EventCountry "RUS"]
[SourceTitle "EXT 2022"]
[Source "ChessBase"]
[SourceDate "2021.10.06"]
[SourceVersion "1"]
[SourceVersionDate "2021.10.06"]
[SourceQuality "1"]

1. e4 d6 2. Nf3 g6 3. d4 Bg7 4. Nc3 Nf6 5. Bg5 h6 6. Bh4 g5 7. Bg3 Nh5 8. Bc4 Nc6 9. e5 g4 10. Nd2 dxe5 11. d5 Nd4 12. Nb3 Nxb3 13. Bxb3 Nf4 14. Bxf4 exf4 15. Qd2 Qd6 16. 0-0-0 Bd7 17. Rhe1 0-0-0 18. Ne4 Qe5 19. c3 h5 20. Qd3 Kb8 21. Qc4 Bc8 22. d6 exd6 23. Nxd6 Rxd6 24. Rxe5 Rxd1+ 25. Kxd1 Bxe5 26. Qxf7 b6 27. Qd5 Bd6 28. Qg5 h4 29. Bd5 g3 30. fxg3 fxg3 31. h3 Bb7 32. Bxb7 Kxb7 33. Qd5+ Kb8 34. a4 a5 35. Qb5 Rf8 36. b4 axb4 37. cxb4 Rf4 38. Qe8+ Ka7 39. a5 Rxb4 40. axb6+ Kxb6 41. Qb8+ Kc5 42. Qa7+ Kd5 43. Qa8+ Kd4 44. Qa7+ Kc3 45. Qe3+ Kc4 46. Qe4+ Kc5 47. Qe3+ Kc6 48. Qf3+ Kb6 49. Qe3+ Bc5 50. Qe6+ c6 51. Qc8 Rd4+ 52. Ke2 Kb5 53. Qb7+ Bb6 54. Qf7 c5 55. Qb3+ Rb4 56. Qd5 Rd4 57. Qb3+ Ka6 58. Qa2+ Ba5 59. Qe6+ Kb5 60. Qe8+ Kc4 61. Qa4+ Bb4 62. Qa6+ Kb3 63. Qb6 Ka2 64. Qb5 Rf4 65. Qa4+ Kb2 66. Qc6 c4 67. Ke3 Rf2 68. Qxc4 Bd2+ 69. Kd3 Bf4 1/2-1/2

[Event "Voronezh-ch"]
[Site "Voronezh"]
[Date "2010.03.09"]
[Round "1"]
[White "Artemov, Nikita"]
[Black "Kiselev, Maxim"]
[Result "1-0"]
[WhiteElo "1908"]
[BlackElo "2189"]
[PlyCount "59"]
[EventDate "2010.03.09"]
[EventType "swiss"]
[EventRounds "9"]
[EventCountry "RUS"]
[SourceTitle "CBM 135 Extra"]
[Source "ChessBase"]
[SourceDate "2010.05.04"]
[SourceVersion "1"]
[SourceVersionDate "2010.05.04"]
[SourceQuality "1"]

1. e4 Nc6 2. d4 e5 3. dxe5 Nxe5 4. f4 Nc6 5. Nf3 Bc5 6. Nc3 d6 7. Na4 Qe7 8. Nxc5 dxc5 9. e5 Nh6 10. Bb5 Bd7 11. Qe2 Nf5 12. 0-0 0-0 13. Qd3 c4 14. Bxc4 Qc5+ 15. Kh1 Rad8 16. b4 Nxb4 17. Qb3 Ba4 18. Bxf7+ Rxf7 19. Qxa4 Nxc2 20. Rb1 Nfe3 21. Bxe3 Nxe3 22. Rfc1 Qd5 23. Qxa7 b6 24. Rxc7 Qd3 25. Rg1 Ng4 26. h3 Nf2+ 27. Kh2 Rxf4 28. Rxg7+ Kh8 29. Re1 Nxh3 30. Rd1 1-0

[Event "RUS-chT Clubs U18"]
[Site "Rybinsk"]
[Date "2008.08.09"]
[Round "8"]
[White "Lefebr, Vladislav"]
[Black "Kiselev, Maxim"]
[Result "0-1"]
[WhiteElo "2041"]
[BlackElo "2205"]
[PlyCount "96"]
[EventDate "2008.08.02"]
[EventType "team"]
[EventRounds "9"]
[EventCountry "RUS"]
[SourceTitle "CBM 125 Extra"]
[Source "ChessBase"]
[SourceDate "2008.09.01"]
[SourceVersion "1"]
[SourceVersionDate "2008.09.01"]
[SourceQuality "1"]

1. e4 e6 2. d4 d5 3. Nd2 dxe4 4. Nxe4 Nd7 5. Nf3 Ngf6 6. Nxf6+ Nxf6 7. Bd3 c5 8. c3 cxd4 9. Nxd4 Be7 10. Qe2 0-0 11. Bg5 h6 12. h4 Qd5 13. f4 Re8 14. Nb5 Qc5 15. 0-0-0 Rd8 16. Bxf6 Bxf6 17. g4 a6 18. g5 Be7 19. Na3 Qc7 20. Nc4 Qxf4+ 21. Kc2 e5 22. Rdf1 Qg4 23. Qxg4 Bxg4 24. Nxe5 Be6 25. gxh6 Bf6 26. h7+ Kh8 27. Nf3 Bxa2 28. Ng5 Rac8 29. Bf5 Rc6 30. Rd1 g6 31. Rxd8+ Bxd8 32. Be4 Rb6 33. b4 Rf6 34. Bxb7 Rf2+ 35. Kd3 f6 36. Ne4 Rb2 37. Bxa6 Bb1+ 38. Kd4 f5 39. Nc5 Bf6+ 40. Ke3 Bxc3 41. b5 Rb4 42. Nd7 f4+ 43. Kf2 Be4 44. Rd1 Rb2+ 45. Kf1 Bf3 46. Rc1 Bg2+ 47. Kg1 Bd4+ 48. Kh2 Be4+ 0-1

[Event "RUS-chT Clubs U18"]
[Site "Rybinsk"]
[Date "2008.08.07"]
[Round "6"]
[White "Kezin, Roman"]
[Black "Kiselev, Maxim"]
[Result "1-0"]
[WhiteElo "2235"]
[BlackElo "2205"]
[PlyCount "67"]
[EventDate "2008.08.02"]
[EventType "team"]
[EventRounds "9"]
[EventCountry "RUS"]
[SourceTitle "CBM 125 Extra"]
[Source "ChessBase"]
[SourceDate "2008.09.01"]
[SourceVersion "1"]
[SourceVersionDate "2008.09.01"]
[SourceQuality "1"]

1. d4 d5 2. c4 c6 3. Nc3 Nf6 4. e3 g6 5. Nf3 Bg7 6. Bd3 0-0 7. 0-0 Bg4 8. cxd5 cxd5 9. Qb3 Bxf3 10. Qxb7 Bxg2 11. Kxg2 Nbd7 12. f4 Nb6 13. b3 Ne8 14. Qa6 g5 15. f5 g4 16. Bd2 e5 17. fxe6 fxe6 18. Ne2 Qh4 19. Qb7 Nf6 20. Nf4 Rf7 21. Qc6 Re8 22. Be1 Qh6 23. Bg3 Rc8 24. Qxe6 Re8 25. Qf5 Rxe3 26. Rae1 Rf3 27. Re6 Nbd7 28. Rxf3 gxf3+ 29. Kxf3 Nf8 30. Rd6 Rd7 31. Rxd7 N8xd7 32. Nxd5 Qd2 33. Nxf6+ Nxf6 34. Bc4+ 1-0

[Event "RUS-chT Clubs U18"]
[Site "Rybinsk"]
[Date "2008.08.06"]
[Round "5"]
[White "Kiselev, Maxim"]
[Black "Balakirev, Ilya"]
[Result "1-0"]
[WhiteElo "2205"]
[BlackElo "2203"]
[PlyCount "65"]
[EventDate "2008.08.02"]
[EventType "team"]
[EventRounds "9"]
[EventCountry "RUS"]
[SourceTitle "CBM 125 Extra"]
[Source "ChessBase"]
[SourceDate "2008.09.01"]
[SourceVersion "1"]
[SourceVersionDate "2008.09.01"]
[SourceQuality "1"]

1. d4 d5 2. Nf3 Nf6 3. c4 c6 4. Nc3 e6 5. e3 Nbd7 6. Qc2 Bd6 7. g4 Bb4 8. Bd2 Qe7 9. g5 Bxc3 10. Bxc3 Ne4 11. h4 b6 12. Bd3 Nxc3 13. Qxc3 dxc4 14. Qxc4 Bb7 15. Be4 0-0 16. Nd2 e5 17. 0-0-0 exd4 18. exd4 Rac8 19. Qc2 g6 20. h5 Ba6 21. f4 c5 22. d5 c4 23. Qc3 b5 24. hxg6 fxg6 25. Bxg6 b4 26. Qd4 c3 27. Bxh7+ Qxh7 28. Rxh7 cxd2+ 29. Kxd2 Kxh7 30. Rh1+ Kg8 31. Rh8+ Kf7 32. Rh7+ Ke8 33. Qe4+ 1-0

[Event "Voronezh op-A"]
[Site "Voronezh"]
[Date "2008.06.21"]
[Round "9"]
[White "Kaiyrbekov, Rustam"]
[Black "Kiselev, Maxim"]
[Result "1-0"]
[WhiteElo "2342"]
[BlackElo "2211"]
[PlyCount "87"]
[EventDate "2008.06.12"]
[EventType "swiss"]
[EventRounds "9"]
[EventCountry "RUS"]
[SourceTitle "CBM 125 Extra"]
[Source "ChessBase"]
[SourceDate "2008.09.01"]
[SourceVersion "1"]
[SourceVersionDate "2008.09.01"]
[SourceQuality "1"]

1. d4 d5 2. c4 c6 3. Nf3 Nf6 4. Qc2 g6 5. Bf4 Bg7 6. e3 0-0 7. Nc3 a6 8. c5 Nh5 9. Bg5 Qe8 10. Be2 Nd7 11. 0-0 h6 12. Bh4 f5 13. Bg3 Nxg3 14. hxg3 e5 15. dxe5 Nxe5 16. Nd4 g5 17. Qd2 Qg6 18. Na4 Be6 19. Rad1 Rf7 20. Rfe1 Raf8 21. Bd3 Nxd3 22. Qxd3 h5 23. Nc3 Be5 24. f4 Bc7 25. Nf3 h4 26. Nxg5 hxg3 27. Ne2 Rd7 28. Nd4 Qh6 29. Nh3 Bd8 30. Rf1 Rh7 31. Nf3 Qg7 32. b4 Kf7 33. Nfg5+ Bxg5 34. fxg5 Rxh3 35. gxh3 Qxg5 36. Qd4 Qh5 37. h4 Rg8 38. Rd2 Ke7 39. Rf4 Qg6 40. Kg2 Kf7 41. a4 Qh6 42. Qe5 d4 43. Rfxd4 Ke8 44. Rd6 1-0

[Event "Voronezh op-A"]
[Site "Voronezh"]
[Date "2008.06.18"]
[Round "6"]
[White "Kiselev, Maxim"]
[Black "Lukovnikov, Alexander"]
[Result "1/2-1/2"]
[WhiteElo "2211"]
[BlackElo "2342"]
[PlyCount "106"]
[EventDate "2008.06.12"]
[EventType "swiss"]
[EventRounds "9"]
[EventCountry "RUS"]
[SourceTitle "CBM 125 Extra"]
[Source "ChessBase"]
[SourceDate "2008.09.01"]
[SourceVersion "1"]
[SourceVersionDate "2008.09.01"]
[SourceQuality "1"]

1. d4 f5 2. c4 Nf6 3. g3 d6 4. Bg2 c6 5. d5 e5 6. dxe6 Bxe6 7. Qc2 Na6 8. Nf3 Nb4 9. Qa4 d5 10. a3 Na6 11. cxd5 Nc5 12. Qc4 Bxd5 13. Nbd2 Nfe4 14. 0-0 Be7 15. b4 Ne6 16. Nb3 0-0 17. Bb2 c5 18. bxc5 N6xc5 19. Nxc5 Bxc5 20. Rad1 Rc8 21. Qd3 Be6 22. Nd4 Qb6 23. g4 Rfd8 24. gxf5 Qxb2 25. Qxe4 Bd5 26. Qg4 h5 27. Bxd5+ Rxd5 28. Qe4 Rxd4 29. Qe6+ Kh7 30. Rxd4 Qxd4 31. Qxc8 Qg4+ 32. Kh1 Qxe2 33. Kg2 Qg4+ 34. Kh1 Qh3 35. Kg1 Bd6 36. f4 Qe3+ 37. Kg2 Qe2+ 38. Rf2 Qe4+ 39. Rf3 Qe2+ 40. Rf2 Qg4+ 41. Kf1 Bxa3 42. Qxb7 Bc5 43. Rf3 Qg1+ 44. Ke2 Qxh2+ 45. Kd3 Qh1 46. Kc4 Be7 47. Qe4 Bf6 48. Kd5 Qd1+ 49. Rd3 Qc2 50. Qf3 Qa2+ 51. Kd6 Qa6+ 52. Kc7 Qa5+ 53. Kb7 Qxf5 1/2-1/2

[Event "Voronezh-ch"]
[Site "Voronezh"]
[Date "2008.03.02"]
[Round "6"]
[White "Kiselev, Maxim"]
[Black "Gritsenko, Vladimir"]
[Result "0-1"]
[WhiteElo "2210"]
[BlackElo "2253"]
[PlyCount "84"]
[EventDate "2008.02.26"]
[EventType "swiss"]
[EventRounds "9"]
[EventCountry "RUS"]
[SourceTitle "CBM 123 Extra"]
[Source "ChessBase"]
[SourceDate "2008.05.06"]
[SourceVersion "1"]
[SourceVersionDate "2008.05.06"]
[SourceQuality "1"]

1. d4 Nc6 2. d5 Ne5 3. e4 e6 4. Nf3 Bb4+ 5. c3 Nxf3+ 6. Qxf3 Bc5 7. Bd3 d6 8. 0-0 Ne7 9. Nd2 a6 10. Rb1 0-0 11. b4 Ba7 12. c4 e5 13. Nb3 f5 14. Rb2 f4 15. c5 Qe8 16. Be2 Kh8 17. Qc3 Ng8 18. f3 Rf6 19. Kf2 Qh5 20. Rh1 Qh4+ 21. Kf1 Rg6 22. Bd3 Qe7 23. Bd2 Rf6 24. Be1 Rf8 25. Bf2 Nf6 26. Ke2 g5 27. Kd1 g4 28. Re1 Qf7 29. Bg1 Rg8 30. Kc1 gxf3 31. gxf3 Qh5 32. Bc4 Qh3 33. Rbe2 Bg4 34. Nd4 Bh5 35. Rd2 Nxe4 36. Rxe4 Rxg1+ 37. Kb2 Bg6 38. Rxf4 Rb1+ 39. Ka3 a5 40. Bb3 axb4+ 41. Kxb4 dxc5+ 42. Kc4 cxd4 0-1

[Event "Voronezh-ch"]
[Site "Voronezh"]
[Date "2008.03.01"]
[Round "5"]
[White "Koshelev, Vladimir"]
[Black "Kiselev, Maxim"]
[Result "0-1"]
[WhiteElo "2039"]
[BlackElo "2210"]
[PlyCount "70"]
[EventDate "2008.02.26"]
[EventType "swiss"]
[EventRounds "9"]
[EventCountry "RUS"]
[SourceTitle "CBM 123 Extra"]
[Source "ChessBase"]
[SourceDate "2008.05.06"]
[SourceVersion "1"]
[SourceVersionDate "2008.05.06"]
[SourceQuality "1"]

1. c3 Nf6 2. f4 g6 3. Nf3 Bg7 4. g3 d6 5. Bg2 0-0 6. 0-0 c5 7. d3 Nc6 8. e4 e5 9. Na3 Ne8 10. fxe5 dxe5 11. Bg5 Qd7 12. Qc2 Nc7 13. Be3 Qe7 14. Qf2 Ne6 15. Rad1 b6 16. Nc2 Bb7 17. h4 Rad8 18. Rd2 f5 19. exf5 gxf5 20. Bg5 Nxg5 21. Nxg5 h6 22. Nh3 Rd6 23. Re1 Qd7 24. Ne3 b5 25. Qe2 Rg6 26. Kh2 f4 27. gxf4 exf4 28. Nd5 Ne5 29. c4 f3 30. Qe4 fxg2 31. Nhf4 Rg4 32. Rxg2 Rgxf4 33. Qxf4 Rxf4 34. Rxe5 Bxd5 35. Rxd5 Qe6 0-1

[Event "Moscow op-B 04th"]
[Site "Moscow"]
[Date "2008.02.07"]
[Round "6"]
[White "Kiselev, Maxim"]
[Black "Pavlov, Denis1111"]
[Result "0-1"]
[WhiteElo "2210"]
[BlackElo "2082"]
[PlyCount "56"]
[EventDate "2008.02.02"]
[EventType "swiss"]
[EventRounds "9"]
[EventCountry "RUS"]
[SourceTitle "CBM 122 Extra"]
[Source "ChessBase"]
[SourceDate "2008.03.04"]
[SourceVersion "1"]
[SourceVersionDate "2008.03.04"]
[SourceQuality "1"]

1. d4 Nf6 2. Nf3 d5 3. c4 e6 4. Nc3 Nbd7 5. e3 c6 6. Qe2 Bd6 7. g4 h6 8. Rg1 e5 9. cxd5 Nxd5 10. Bd2 Nxc3 11. Bxc3 Qe7 12. 0-0-0 e4 13. Nd2 Nf6 14. h3 Be6 15. Nc4 Bd5 16. g5 Nd7 17. gxh6 g6 18. Kb1 Rxh6 19. f3 f5 20. f4 0-0-0 21. Be1 Bc7 22. Rc1 Kb8 23. Ba5 b6 24. Be1 Qe6 25. b3 Rc8 26. Rg3 Bd8 27. Ne5 Nxe5 28. dxe5 Be7 0-1

[Event "Moscow op-B 04th"]
[Site "Moscow"]
[Date "2008.02.06"]
[Round "5"]
[White "Kochetkov, Iliya"]
[Black "Kiselev, Maxim"]
[Result "0-1"]
[WhiteElo "2058"]
[BlackElo "2210"]
[PlyCount "132"]
[EventDate "2008.02.02"]
[EventType "swiss"]
[EventRounds "9"]
[EventCountry "RUS"]
[SourceTitle "CBM 122 Extra"]
[Source "ChessBase"]
[SourceDate "2008.03.04"]
[SourceVersion "1"]
[SourceVersionDate "2008.03.04"]
[SourceQuality "1"]

1. e4 d6 2. d4 Nf6 3. Nc3 g6 4. g3 Bg7 5. Bg2 e5 6. dxe5 dxe5 7. Qxd8+ Kxd8 8. Bg5 c6 9. f4 h6 10. Bh4 Kc7 11. Bxf6 Bxf6 12. Nf3 exf4 13. gxf4 Bxc3+ 14. bxc3 Re8 15. Ne5 Re7 16. 0-0 Nd7 17. Nc4 Nb6 18. Ne3 a5 19. Rfd1 a4 20. a3 Ra5 21. Rab1 Rc5 22. Rd3 Nc4 23. Nxc4 Rxc4 24. Rb4 Be6 25. Rxc4 Bxc4 26. Rd4 b5 27. h4 h5 28. Kf2 c5 29. Rd2 Rd7 30. Ke3 b4 31. Rxd7+ Kxd7 32. Kd2 bxa3 33. Kc1 f6 34. Bf3 g5 35. Bxh5 gxh4 36. Bf3 h3 37. Bg4+ Be6 38. f5 Bc4 39. Bxh3 Kd6 40. Bg2 Ke5 41. Bf3 Kf4 42. Bg2 Kg3 43. Bh1 Bf7 44. Kb1 Kf4 45. Bg2 Ke3 46. Kc1 Kf4 47. Kb1 Be8 48. c4 Bf7 49. Ka2 Bxc4+ 50. Kxa3 Bb5 51. c4 Bd7 52. Kb2 Ke5 53. Kc3 Bc6 54. Bf3 Bxe4 55. Bd1 Bc6 56. Bc2 Bd7 57. Kb2 Kd4 58. Ka3 Kxc4 59. Bxa4 Bxa4 60. Kxa4 Kd3 61. Kb5 c4 62. Kc5 c3 63. Kd6 c2 64. Ke6 c1Q 65. Kxf6 Ke4 66. Kg6 Ke5 0-1

[Event "Voronezh City-ch"]
[Site "Voronezh"]
[Date "2007.12.07"]
[Round "4"]
[White "Kiselev, Maxim"]
[Black "Sergienko, Sergey"]
[Result "1/2-1/2"]
[WhiteElo "2206"]
[BlackElo "2455"]
[PlyCount "81"]
[EventDate "2007.12.04"]
[EventType "tourn"]
[EventRounds "13"]
[EventCountry "RUS"]
[EventCategory "5"]
[SourceTitle "CBM 122 Extra"]
[Source "ChessBase"]
[SourceDate "2008.03.04"]
[SourceVersion "1"]
[SourceVersionDate "2008.03.04"]
[SourceQuality "1"]

1. d4 d5 2. Nf3 Nf6 3. c4 c6 4. Nc3 dxc4 5. a4 Bg4 6. Ne5 Bh5 7. f3 Nfd7 8. Nxc4 e5 9. g3 f6 10. dxe5 Nxe5 11. Qxd8+ Kxd8 12. Nxe5 fxe5 13. Bg5+ Kc7 14. 0-0-0 Nd7 15. Bh3 Be8 16. Be3 Nf6 17. f4 Bd7 18. Bxd7 Nxd7 19. Ne4 Re8 20. f5 Bb4 21. Rd3 Nf6 22. Ng5 e4 23. Rd4 Bc5 24. Bf4+ Kb6 25. Rc4 Nd5 26. Ne6 Be3+ 27. Bxe3+ Nxe3 28. Rb4+ Ka5 29. Rxb7 Rb8 30. Rxa7+ Kb6 31. Rf7 Ra8 32. b3 Ra5 33. Kb2 Rxf5 34. Rxf5 Nxf5 35. Rf1 g6 36. g4 Ne3 37. Rf4 Re8 38. Rxe4 Nxg4 39. Rxg4 Rxe6 40. e4 h5 41. Rh4 1/2-1/2

[Event "Voronezh City-ch"]
[Site "Voronezh"]
[Date "2007.12.04"]
[Round "1"]
[White "Kiselev, Maxim"]
[Black "Raetsky, Alexander"]
[Result "0-1"]
[WhiteElo "2206"]
[BlackElo "2410"]
[PlyCount "86"]
[EventDate "2007.12.04"]
[EventType "tourn"]
[EventRounds "13"]
[EventCountry "RUS"]
[EventCategory "5"]
[SourceTitle "CBM 122 Extra"]
[Source "ChessBase"]
[SourceDate "2008.03.04"]
[SourceVersion "1"]
[SourceVersionDate "2008.03.04"]
[SourceQuality "1"]

1. d4 d5 2. Nf3 Nf6 3. c4 dxc4 4. Nc3 a6 5. e3 b5 6. a4 b4 7. Na2 e6 8. Bxc4 c5 9. 0-0 Bb7 10. dxc5 Bxc5 11. Qxd8+ Kxd8 12. Ne5 Ke7 13. a5 Rc8 14. b3 Bd6 15. Nd3 Nc6 16. Bd2 Nxa5 17. Nb2 Nc6 18. Na4 Rd8 19. Rfd1 a5 20. Nc1 Ne4 21. Nd3 Ne5 22. Nb6 Nxc4 23. Nxc4 Bxh2+ 24. Kxh2 Rxd3 25. Nxa5 Rxd2 26. Nxb7 Rxa1 27. Rxa1 Nxf2 28. Nc5 f5 29. Ra6 Rd6 30. Ra7+ Kf6 31. Rb7 Ng4+ 32. Kg3 Nxe3 33. Rxb4 Rd5 34. Na6 g5 35. Rb7 Rd3 36. Nc5 Rc3 37. Nd7+ Ke7 38. Ne5+ Kd6 39. Nf7+ Kc6 40. Nd8+ Kd5 41. Kf2 Ng4+ 42. Ke2 Rg3 43. Rb5+ Kd6 0-1